La investigación de la comunicación en México : (Registro nro. 65858)
[ vista simple ]
| 000 -LEADER | |
|---|---|
| fixed length control field | 00987nam a2200253 u 4500 |
| 001 - CONTROL NUMBER | |
| control field | 65858 |
| 005 - DATE AND TIME OF LATEST TRANSACTION | |
| control field | 20180714073357.0 |
| 008 - FIXED-LENGTH DATA ELEMENTS--GENERAL INFORMATION | |
| fixed length control field | 160718s2015 mx a r 000 0 spa d |
| 020 ## - INTERNATIONAL STANDARD BOOK NUMBER | |
| International Standard Book Number | 9786078346189 |
| 041 0# - LANGUAGE CODE | |
| Language code of text/sound track or separate title | spa |
| 082 0# - DEWEY DECIMAL CLASSIFICATION NUMBER | |
| Classification number | 302.20972 |
| Item number | POR |
| 100 1# - MAIN ENTRY--PERSONAL NAME | |
| Personal name | Portillo, Maricela, |
| Relator term | coordinadora |
| 245 13 - TITLE STATEMENT | |
| Title | La investigación de la comunicación en México : |
| Remainder of title | un panorama a través de las regiones a inicios del siglo xxi / |
| Statement of responsibility, etc. | Maricela Portillo, Raúl Fuentes Navarro, Luis Alfonso Guadarrama, Jannet Valero y otros más. |
| 250 ## - EDITION STATEMENT | |
| Edition statement | Primera edición |
| 264 #1 - PRODUCTION, PUBLICATION, DISTRIBUTION, MANUFACTURE, AND COPYRIGHT NOTICE | |
| Place of production, publication, distribution, manufacture | México : |
| Name of producer, publisher, distributor, manufacturer | Productora de Contenidos Culturales, |
| Date of production, publication, distribution, manufacture, or copyright notice | 2015 |
| 300 ## - PHYSICAL DESCRIPTION | |
| Extent | 134 páginas : |
| Other physical details | ilustraciones ; |
| Dimensions | 23 cm. |
| 336 ## - CONTENT TYPE | |
| Content type term | texto |
| Source | rdacontent |
| 337 ## - MEDIA TYPE | |
| Media type term | sin mediación |
| Source | rdamedia |
| 338 ## - CARRIER TYPE | |
| Carrier type term | volumen |
| Source | rdacarrier |
| 490 0# - SERIES STATEMENT | |
| Series statement | Colección Tendencias |
| 650 #4 - SUBJECT ADDED ENTRY--TOPICAL TERM | |
| Topical term or geographic name entry element | Comunicación - Investigaciones |
| 650 #4 - SUBJECT ADDED ENTRY--TOPICAL TERM | |
| Topical term or geographic name entry element | Comunicación - Metodología |
| Geographic subdivision | México |
| 700 1# - ADDED ENTRY--PERSONAL NAME | |
| Personal name | Fuentes N., Raúl, |
| Relator term | autor |
| Withdrawn status | Lost status | Source of classification or shelving scheme | Damaged status | Not for loan | Collection code | Home library | Current library | Shelving location | Date acquired | Source of acquisition | Inventory number | Total Checkouts | Full call number | Barcode | Date last seen | Price effective from | Koha item type | Date last checked out |
|---|---|---|---|---|---|---|---|---|---|---|---|---|---|---|---|---|---|---|
| Dewey Decimal Classification | General | Biblioteca Karol Wojtyla | Biblioteca Karol Wojtyla | Sala general | 25/11/2016 | Compra | 151000000000000000057445 | 302.20972 POR 2015 | 96022 | 05/01/2026 | 25/11/2016 | Libro | ||||||
| Dewey Decimal Classification | General | Biblioteca Karol Wojtyla | Biblioteca Karol Wojtyla | Sala general | 25/11/2016 | Compra | 151000000000000000057446 | 302.20972 POR 2015 | 96023 | 05/01/2026 | 25/11/2016 | Libro | ||||||
| Dewey Decimal Classification | General | Biblioteca Karol Wojtyla | Biblioteca Karol Wojtyla | Sala general | 18/07/2016 | Compra | 151000000000000000057444 | 1 | 302.20972 POR 2015 | 96021 | 05/01/2026 | 25/11/2016 | Libro | 30/01/2019 |